• 首页
  • 本馆介绍
  • 公告通知
  • 最新文献
  • 馆藏检索
  • 电子资源
  • 读者导购
  • 参考咨询
  • 我的图书馆
  • 登录
  • 详细信息显示
  • 放入我的书架
  • 预约/预借图书
  • 作者相关作品
  • 分类相关作品
  • 丛书相关作品
  • 出版社相关作品

书目信息

  • 表格格式
  • 工作单格式
  • 卡片格式
题名:
鲁迅诗歌选
    
 
作者: 鲁迅 著 ;天津师范学院中文系 注解
分册:  
出版信息: 天津   天津人民出版社  1977
页数: 145页
开本: 20cm
丛书名:
单 册:
中图分类: I210.5
科图分类:
主题词: 鲁迅诗歌--选集
电子资源:
ISBN:
000 00670nam0 2200229 45
001 0177001467
005 20070728082804.78
010    @dCNY0.39
100    @a19950927d1977 em y0chiy0121 ea
101 0  @achi
102    @aCN@b120000
105    @ay z 000yy
200 10 @a鲁迅诗歌选@Alu xun shi ge xuan@f鲁迅著@Flu xun zhu@g天津师范学院中文系注解
210    @a天津@c天津人民出版社@d1977
215    @a145页@d20cm
606    @a鲁迅诗歌@x选集
690    @aI210.5@v3
701  0 @a鲁迅@Alu xun@4著
712 02 @a天津师范学院中文系@Atian jin shi fan xue yuan zhong wen xi@4注解
801  2 @aCN@bNLC@c20070728
801  0 @aCN@bTSSF@c20060605
905    @a10447@dI210.5@e202
    
    鲁迅诗歌选/鲁迅著/天津师范学院中文系注解.-天津:天津人民出版社,1977
    145页;20cm
    
    
    ISBN :CNY0.39
    
●
相关链接 在E读中查询图书 在五车中查询图书 在当当中查询图书 在豆瓣中查询图书


正题名:鲁迅诗歌选     索取号:I210.5/202         预约/预借

序号 登录号 条形码 馆藏地/架位号 状态 备注
1 0420072   204200729   密集书库/ [索取号:I210.5/202] 在馆    
2 0420300   204203003   密集书库/ [索取号:I210.5/202] 在馆    
3 0420307   204203076   密集书库/ [索取号:I210.5/202] 在馆    
4 0420308   204203085   密集书库/ [索取号:I210.5/202] 在馆    
5 0786695   207866950   密集书库/ [索取号:I210.5/202] 在馆    
唐山师范学院图书馆 欢迎您!
大连网信软件有限公司© 版权所有